[Event "Pamplona"]
[Site "Pamplona"]
[Date "2003.12.27"]
[Round "6"]
[White "Pelletier, Yannick"]
[Black "McShane, Luke J"]
[Result "0-1"]
[WhiteElo "2604"]
[BlackElo "2649"]
[Annotator "Krasenkow,M"]
[PlyCount "84"]
[EventDate "2003.12.20"]
[EventType "tourn"]
[EventRounds "7"]
[EventCountry "ESP"]
[EventCategory "15"]
[SourceTitle "CBM 099"]
[Source "ChessBase"]
[SourceDate "2004.03.30"]
[SourceVersion "1"]
[SourceVersionDate "2004.03.30"]
[SourceQuality "1"]

1. d4 Nf6 2. c4 g6 3. Nc3 d5 4. Bf4 Bg7 5. e3 c5 6. dxc5 Qa5 7. Rc1 dxc4 8.
Bxc4 O-O 9. Nge2 Nbd7 $146 {A new idea in this system. Black tries to avoid
complications after} (9... Qxc5 10. Qb3) 10. O-O {Too soft. Black now easily
equalizes.} (10. a3 $5 Qxc5 11. Nb5 {deserves serious attention, after which
the d7 knight looks misplaced.}) 10... Nxc5 11. Nb5 $6 (11. Nd4 $5) 11... Bd7 {
Black looks for more than equality after} (11... Be6 $5) 12. Ned4 (12. Qe1 Qxe1
13. Rfxe1 Nh5 $15) 12... a6 13. Bc7 $6 {Of course, it is not easy to accept
one's mistake but it was better to go back:} (13. Nc3 b5 14. Nb3 Nxb3 15. Bxb3
$11) 13... b6 14. Na3 {[%csl Ra3]} ({After} 14. Nc3 Rac8 15. Bg3 b5 $15 {
Black has an extra tempo comparing to the previous line.}) 14... Qb4 15. Nb3
Ne6 16. Be5 Rfd8 17. Qe2 (17. Qf3 b5 18. Qb7 {is met by} Ng4 $1 19. Bxg7 Qd6 $1
20. g3 Nxg7 {and Black maintains the better prospects due do White's awkward
a3 knight.} (20... Bc6 $5 {is also interesting, e.g.} 21. Qb6 bxc4 22. Rxc4 Bf3
23. Qxd6 Rxd6 24. Bc3 Be2 $15)) 17... b5 18. Bxe6 {It was not necessary to
give up the bishop.} (18. Bd3 Qh4 19. Nc2 $11) 18... Bxe6 19. Nd4 Bd5 $15 {
[%csl Gd5] With this strong bishop Black has a small but clear advantage.
Still, White gradually equalizes.} 20. Nac2 Qa5 21. Rfd1 Rac8 22. a3 Qb6 23.
Nb4 Bb7 24. Nd3 Bf8 25. Nb3 Bd5 26. Bd4 Qb8 27. Nbc5 Qa8 28. f3 $1 Ne8 29. Qf2
f6 30. e4 Bc4 31. b3 $4 {[%mdl 8192] An unexpected blunder.} (31. Be3 $11)
31... Bxd3 $19 32. Ne6 {Despair.} (32. Nxd3 Rxc1 33. Rxc1 (33. Nxc1 e5 $19)
33... e5 $19) (32. Rxd3 e5 33. Be3 Rxc5 $1 $19) 32... Rxc1 33. Rxc1 Rc8 34. Qd2
Rxc1+ 35. Qxc1 b4 36. Qd2 Bb5 37. Qxb4 Qc8 38. Nxf8 Kxf8 39. Bc5 Qd7 40. a4 Bc6
41. Qc4 Bb7 42. h3 Ng7 0-1

[Event "EU-ch 5th"]
[Site "Antalya"]
[Date "2004.05.17"]
[Round "3"]
[White "Iotov, Valentin Dimitrov"]
[Black "Petrosian, Tigran L"]
[Result "1-0"]
[WhiteElo "2342"]
[BlackElo "2539"]
[Annotator "Krasenkow,M"]
[PlyCount "75"]
[EventDate "2004.05.15"]
[EventType "swiss"]
[EventRounds "13"]
[EventCountry "TUR"]
[SourceTitle "CBM 101"]
[Source "ChessBase"]
[SourceDate "2004.07.27"]
[SourceVersion "1"]
[SourceVersionDate "2004.07.27"]
[SourceQuality "1"]

1. d4 Nf6 2. c4 g6 3. Nc3 d5 4. Bf4 Bg7 5. e3 c5 6. dxc5 Qa5 7. Rc1 dxc4 8.
Bxc4 O-O 9. Nge2 Qxc5 10. Qb3 Nc6 11. Nb5 Qh5 12. Ng3 Qh4 13. Nc7 e5 14. Bxe5
Nxe5 15. Nxa8 Bd7 {About this line - see several games in CBM98, 100.} 16. Nc7
Bc6 17. Nd5 Nxd5 $2 {This is much weaker than} (17... Kh8 $1 {, which brought
Black an advantage in the following stem game:} 18. Nf4 g5 19. Nd3 Nxd3+ 20.
Qxd3 Bxg2 21. Nf5 Qh3 22. Nxg7 Kxg7 23. Rg1 Rc8 $1 24. Qd6 b5 $1 25. Qe5 h6 26.
Qxb5 Qxh2 27. Ke2 Rb8 28. Rxg2 $8 Qh5+ 29. f3 Rxb5 30. Bxb5 Qh3 $17 {0-1
Lazarev,V-Van Wely,L/Germany 2004/CBM 100/[Krasenkow,M] (46)}) 18. Bxd5 Bxd5
19. Qxd5 Rd8 20. Qxb7 Nd3+ 21. Ke2 {Of course, Black can regain some of the
material sacrificed but not all; meanwhile, the position simplifies.} Qf6 (
21... Nxc1+ 22. Rxc1 Be5 23. f4 $1 Bxf4 24. Rc4 $1 Qg4+ 25. Qf3 $16) 22. Ne4 (
22. f3 $5) 22... Qe6 (22... Qh4 {[%cal Rh4g4]} 23. h3 Qh5+ 24. f3) 23. f3 f5
24. Ng5 $18 {Black now has nothing more than a couple of checks.} Nf4+ 25. Kf2
Nd3+ 26. Kf1 Qxa2 27. Rc8 Bf6 28. Qxh7+ Kf8 29. Rxd8+ Bxd8 30. Qh8+ Ke7 31.
Qg7+ Ke8 32. Qxg6+ Ke7 33. Qg7+ Ke8 34. Qh8+ Ke7 35. Ke2 Nxb2 36. Qe5+ Kd7 37.
Qxf5+ Ke7 38. f4 (38. Ra1 $1 {was even nicer.}) 1-0

[Event "EU-chT (Men) 12th"]
[Site "Batumi"]
[Date "1999.11.30"]
[Round "2.4"]
[White "Gabriel, Christian"]
[Black "Oral, Tomas"]
[Result "1/2-1/2"]
[WhiteElo "2578"]
[BlackElo "2541"]
[Annotator "Krasenkow,M"]
[PlyCount "82"]
[EventDate "1999.11.06"]
[EventType "team-swiss"]
[EventRounds "9"]
[EventCountry "GEO"]
[SourceTitle "CBM 074"]
[Source "ChessBase"]
[SourceDate "2000.02.01"]
[SourceVersion "1"]
[SourceVersionDate "2000.02.01"]
[SourceQuality "1"]
[WhiteTeam "Germany"]
[BlackTeam "Czech Republic"]
[WhiteTeamCountry "GER"]
[BlackTeamCountry "CZE"]

1. d4 Nf6 2. c4 g6 3. Nc3 d5 4. Bf4 Bg7 5. Rc1 Nh5 {Black pushes the f4 bishop
from its powerful position; however, the knight finds itself (at least,
temporarily) at the edge of the board.} 6. Bg5 (6. Bd2 {(here or on the next
move) is another option for White.}) 6... h6 7. Bh4 dxc4 (7... g5 $2 8. e3) (
7... c5) 8. e3 O-O {Probably unaware of all the niceties of the main line (or
fearing a novelty from his opponent), Black simply gives up the c4 pawn
spoiling the whole idea of 5...Nh5 and ending up in a slightly inferior
position.} (8... Be6 {is certainly stronger. Black keeps his c4 pawn in order
to sell it for some positional benefits later on.} 9. Be2 (9. Nf3 c6 10. a4 Qa5
11. Nd2 Qb4 12. Qc2 Bf5 13. e4 Be6 14. Nf3 Nf4 15. Bg3 Nd3+ 16. Bxd3 cxd3 17.
Qxd3 Nd7 18. Qd2 Nb6 19. O-O O-O $13 {1-0 Grigutavicus,D-Hilke,L/SoLett Open
1999 (29)}) 9... Nf6 (9... c5 $6 {This gives Black some tactical chances but
eventually the weakening of his kingside proves essencial.} 10. Bxh5 (10. dxc5
$6 Nd7 11. Nf3 Nxc5 12. Nd4 Bxd4 13. exd4 Nf4 14. O-O Ncd3 15. Bxd3 Nxd3 16.
Qa4+ Bd7 17. Qxc4 Nxc1 18. Rxc1 O-O $17 {Rogozenko,D-Horvath,J/Odorheiu
Secuiesc (02)/1993/0-1 (53)}) 10... cxd4 11. exd4 (11. Bf3 $2 dxc3 $1 12. Qxd8+
Kxd8 13. Bxb7 cxb2 14. Rd1+ Kc7 15. Bxa8 Rd8 $1 16. Be4 Bf5 17. Bxf5 gxf5 18.
Rb1 c3 19. Nf3 c2 20. Ke2 cxb1=Q 21. Rxb1 Nc6 22. Nd2 Rd5 $19 {0-1 Gomez
Esteban,J-De la Villa Garcia,J/Pamplona9697 1996 (30)}) 11... gxh5 12. Nge2 Bg4
(12... Bf5 $5) 13. h3 (13. f3 $6 Bf5 14. Qa4+ Qd7 15. Qxc4 Nc6) 13... Bxe2 14.
Qxe2 Nc6 15. O-O Qxd4 16. Qxh5 O-O (16... Qe5 $14 {Jussupow,A}) 17. Rfe1 Qd6
18. Nd5 Qg6 19. Qf3 Kh8 20. Nxe7 Nxe7 21. Bxe7 Rfc8 22. Re4 $16 {-> 1-0
Jussupow,A-Stohl,I/BL9495 1995 (33)}) 10. Nf3 (10. Bxf6 exf6 $1 $132) 10... c6
{continuing his plan of keeping the c4 pawn} 11. O-O (11. Ne5 b5 12. f4 Nd5 13.
Qd2 Nxc3 14. bxc3 (14. Qxc3 $5 Bd5 15. O-O Nd7 16. b3 $1 Nxe5 17. fxe5 cxb3 18.
axb3 O-O 19. Bf3 g5 20. Bg3 Rc8 $44 {Leko,P}) 14... Bd5 15. Qc2 Bf6 16. Bf2
Bxg2 17. Rg1 Qd5 18. Rxg2 Qxg2 19. Bf3 Qh3 20. Bg4 Qg2 21. Bf3 Qh3 22. Bg4 Qg2
23. Bf3 {1/2-1/2 Dreev,A-Leko,P/Wijk 1996}) 11... O-O (11... Nbd7 $5) 12. Ne5
b5 13. b3 cxb3 14. axb3 a6 15. Qc2 {1/2-1/2 Horvath,J-Fogarasi,T/Zalakaros op
1994}) (8... c5 $5 {deserves attention:} 9. dxc5 Qxd1+ 10. Nxd1 g5 11. Bg3 Nxg3
12. hxg3 Na6 13. Bxc4 Nxc5 14. Bb5+ Nd7 15. Nf3 a6 16. Ba4 b5 17. Bb3 e6 18.
Nd4 Bb7 19. f3 Rc8 20. Rxc8+ Bxc8 21. Nf2 Bb7 22. Nd3 Ke7 {1/2-1/2 Villeneuve,
A-Bernard,C/FRA-ch Angers (03) 1990 (30)}) 9. Bxc4 c6 10. Nge2 {I don't see
much sense in this development of the knight. If White intentionally went to
the game variation (foreseeing the manoeuvre Nc3-b5-c7), he was probably wrong
as the present position is apparently more promising,} (10. Nf3 $5 {looks more
logical.}) 10... Nd7 11. O-O Nb6 12. Bb3 Nd5 13. Nxd5 {This leads to a
symmetric pawn structure, and it is not easy for White to convert his small
development advantage into something serious.} (13. Ne4 $5 {[%cal Ye4c5]})
13... cxd5 14. Nc3 Bf6 {The black g7 bishop is very passive in this structure;
therefore Black is happy to swap it.} 15. Bxf6 Nxf6 {White's remaining bishop
is "better" than Black's one but this is not a significant advantage. Control
over the c-file (and possible invasion to c7) is White's only chance in this
position.} 16. Qf3 Be6 17. Qf4 h5 18. Nb5 Bf5 {[%cal Rf5d3]} 19. Rfd1 Qb6 (
19... a6 20. Nc7 Rc8 21. f3 $14 {/\Rc3,Rdc1}) 20. Nc7 {This knight has no
"normal" way to escape from c7 but its position creates a lot of tactical
possibilities for both sides.} Rac8 21. f3 (21. Nxd5 Nxd5 22. Bxd5 Rxc1 23.
Rxc1 Qxb2) 21... Rfd8 22. Qe5 (22. Rc5 e5 $5 23. Qg5 (23. Qxe5 $2 Nd7) 23...
exd4 24. exd4 Rxc7 25. Rxc7 Qxc7 26. Qxf6 Rd6 {=/+/=}) 22... Rd6 $5 {Black
tries to get rid of White's pressure in a tactical way.} 23. Qxe7 Rc6 24. Rxc6
(24. Nxd5 $2 Nxd5 25. Bxd5 Rxc1 26. Bxf7+ Kh8 $19) 24... Qxc6 25. Nb5 $2 {
Underestimating Black's possibilities. Black now recaptures the initiaive.} (
25. e4 $142 $1 Bxe4 (25... Rxc7 26. Qd8+ Kg7 27. exf5 gxf5 $14 {although it is
not easy for White to make use of the weakened position of the black king
because of lack of attacking pieces.}) 26. fxe4 Rxc7 27. Qd8+ Kg7 28. exd5 Qb6
(28... Qd7 29. Qb8 $14) 29. d6 Rd7 30. Qxb6 axb6 {[%csl Rb6,Rb7]} 31. Rc1 Rxd6
32. Rc7 Nd7 33. Rxb7 Rxd4 34. Kf2 Rd6 $14 {[%cal Yd7e5] Black's position is
solid but White's bishop is stronger than the black knight and White has some
chances to make use of his queenside pawn advantage.}) 25... Qxb5 26. Qxf6 Bc2
$1 {The point! With the exchange of bishops Black seizes the 2nd rank and
creates a strong counterplay.} 27. Re1 (27. Rc1 Qe2 $1 28. Qg5 (28. Qe5 Qd2) (
28. Qe7 Qd2) 28... Qd2 29. Rf1 Bxb3 30. axb3 Rc2 $17) (27. Bxc2 Rxc2 $17 {
[%cal Rb5e2]}) 27... Bxb3 28. axb3 Qb4 (28... Rc2 $5 {deserved serious
attention to maintain both pairs of major pieces on the board.} 29. e4 $140 Qb4
$1 30. Rd1 dxe4 31. fxe4 Qxb3) 29. Re2 Rc2 $1 (29... Rc1+ 30. Kf2 Qxb3 31. Qe7
Qd1 32. Qe8+ Kg7 33. Qe5+ $11) 30. Kf2 Rxe2+ 31. Kxe2 Qxb3 {As a result of the
complications, Black obtains a queen endgame with an extra pawn (the b2 pawn
will fall); however, White maintains good chances for a perpetual check as it
is not easy for Black to protect both his king and his pawns a7,b7 and d5.} 32.
Kf1 $6 ({I would prefer to centralize the queen:} 32. Qe5 $1 {with ideas Qe8+
and Qb8+.}) 32... Qxe3 (32... a5 33. Qe7) 33. Qd8+ Kg7 34. Qxd5 Qc1+ 35. Kf2
Qxb2+ 36. Kg3 a5 $2 (36... Qb6 {was the way to prevent a perpetual, with
excellent chances to win. Perhaps, both players were under time-pressure.}) 37.
Qe5+ Kh7 38. Qd5 Kg7 39. Qe5+ Kh7 40. Qd5 Kh6 41. Qe5 Kh7 {Black can't avoid
the repetition of moves.} 1/2-1/2

[Event "USA-ch"]
[Site "San Diego"]
[Date "2004.11.29"]
[Round "5"]
[White "Nakamura, Hikaru"]
[Black "Kudrin, Sergey"]
[Result "1/2-1/2"]
[WhiteElo "2620"]
[BlackElo "2528"]
[Annotator "Krasenkow,M"]
[PlyCount "67"]
[EventDate "2004.11.24"]
[EventType "swiss"]
[EventRounds "9"]
[EventCountry "USA"]
[SourceTitle "CBM 105"]
[Source "ChessBase"]
[SourceDate "2005.04.11"]
[SourceVersion "1"]
[SourceVersionDate "2005.04.11"]
[SourceQuality "1"]

1. d4 Nf6 2. c4 g6 3. Nc3 d5 4. Bf4 Bg7 5. e3 c5 6. dxc5 Qa5 7. Rc1 Ne4 8. cxd5
Nxc3 9. Qd2 Qxa2 10. Rxc3 {About this line - see CBM93, annotations to
Seirawan-Nakamura.} O-O 11. Bc4 (11. Nf3 Nd7 12. Rc2 Qa1+ 13. Qd1 Qa5+ 14. Qd2
Qa1+ 15. Qd1 Qa5+ 16. Qd2 {1/2-1/2 Novikov,I-Kudrin,S/San Diego 2004/CBM 105 
(16).}) 11... Qa1+ 12. Rc1 Qxb2 13. e4 Qa3 {A new idea: to avoid the queen
exchange in this position. However, it leads to dangerous consequences for
Black.} (13... a5 14. Ne2 a4 15. Rc2 Qa1+ 16. Rc1 Qb2 17. Rc2 Qa1+ 18. Nc1 Na6
19. Be3 Qb1 20. Ba2 Qb4 21. f3 Qxd2+ 22. Kxd2 Nb4 23. Rc4 Nxa2 24. Nxa2 e6 25.
d6 $14 {1/2-1/2 Seirawan,Y-Nakamura,H/Seattle 2003/CBM 093/[Krasenkow] (63)})
14. Nf3 (14. d6 $5) 14... Qxc5 15. d6 Qa3 16. Bxf7+ $1 (16. Ng5 e6 $13) (16.
dxe7 $5 Qxe7 17. Ng5 {[%cal Rf4d6]}) 16... Kh8 $8 (16... Kxf7 17. Ng5+ Kg8 18.
Rxc8 $1 Qb3 $1 19. dxe7 $1 Rxc8 20. Qd8+ Rxd8 21. exd8=Q+ Bf8 22. O-O $18) (
16... Rxf7 17. Rxc8+ Bf8 18. dxe7 Qxe7 19. Qd5 $18) 17. Bg5 {Off the target!} (
{After} 17. Ng5 $1 e5 (17... Nc6 18. dxe7 Qxe7 19. Bd6 $18) (17... h6 18. dxe7
Qxe7 19. Bd6 $18) 18. Be3 Bh6 (18... h6 19. h4) 19. h4 {Black had little
chances to survive.}) 17... Nc6 18. dxe7 {Now Black is definitely out of
danger.} (18. Rxc6 bxc6 (18... Rxf7 19. dxe7) 19. dxe7 {is met by} Bh3 $3 20.
exf8=Q+ Rxf8 {although after} 21. O-O (21. Nh4 $2 Rxf7 {[%cal Rg7c3]}) 21...
Rxf7 22. Bf4 {[%csl Ra7,Rc6] White maintains a positional advantage due to
Black's weak pawns.}) 18... Nxe7 19. Rc7 Qa1+ {Black is content with a draw.} (
19... Rxf7 $5 20. Bxe7 Qa1+ 21. Rc1 Qb2 22. Qd8+ Rf8 $13) 20. Rc1 Qa3 21. Rc7
Qa1+ 22. Ke2 $6 {A desperate attempt to play for a win.} Qxh1 23. Bxe7 Bg4 {
After this move the position simplifies and a draw becomes inevitable.} (23...
b6 $1 {would have made White regret about his 22nd move.} 24. Bxf8 Ba6+ 25. Bc4
Bxc4+ 26. Rxc4 Rxf8 27. Qg5 Qb1 $17 {[%csl Ga7,Gb6,Re2]}) 24. Bxf8 Rxf8 25. h3
Bxf3+ 26. gxf3 Qxh3 27. Rxb7 Qc8 28. Bd5 (28. Rxa7 $4 Rxf7 29. Rxf7 Qc4+) 28...
Qc5 29. e5 $4 {A crazy, losing move.} (29. Qb4 Qc2+ 30. Qd2 $11) 29... Bxe5 (
29... Rd8 $142 $1 30. e6 Rxd5 31. Rb8+ Bf8 32. Rxf8+ Kg7 33. Rf7+ Kg8 $19) 30.
Qh6 Bc7 31. Kf1 Rb8 $4 {Missing White's reply and the win.} (31... Rf4 $1 $19 {
[%cal Rc5d5]} 32. Be4 (32. Qh3 Rf5 33. Be4 Qc1+ 34. Ke2 Qc4+ 35. Kd1 Rd5+ $1
$19) 32... Qc1+ 33. Kg2 Rg4+ 34. fxg4 Qxh6 35. Rxc7 Qf4 36. Rc8+ Kg7 37. f3 a5
$19 {_|_}) 32. Qh4 $1 (32. Qg5 $143 Qd6) 32... Qc1+ (32... Qxd5 $4 33. Qf6+ Kg8
34. Rxc7 $18) 33. Kg2 Qf4 $8 34. Qxf4 1/2-1/2

[Event "Zalaegerszeg"]
[Site "Zalaegerszeg"]
[Date "2004.04.27"]
[Round "4"]
[White "Portisch, Lajos"]
[Black "Ruck, Robert"]
[Result "0-1"]
[WhiteElo "2573"]
[BlackElo "2556"]
[Annotator "Krasenkow,M"]
[PlyCount "80"]
[EventDate "2004.04.24"]
[EventType "tourn"]
[EventRounds "9"]
[EventCountry "HUN"]
[EventCategory "13"]
[SourceTitle "CBM 101"]
[Source "ChessBase"]
[SourceDate "2004.07.27"]
[SourceVersion "1"]
[SourceVersionDate "2004.07.27"]
[SourceQuality "1"]

1. d4 Nf6 2. c4 g6 3. Nc3 d5 4. Bf4 Bg7 5. e3 c5 6. dxc5 Qa5 7. Qa4+ Qxa4 8.
Nxa4 Bd7 9. Nc3 Ne4 10. Nxd5 Na6 11. f3 Nexc5 12. O-O-O e6 13. Nc3 Bxc3 14.
bxc3 f6 15. g4 {About this line - see CBM93, annotations to Hertneck-Joachim.}
O-O-O $1 {A simple move proving that 15.g4 had no sense at all.} (15... h5 $5
16. g5 $6 e5 17. Bg3 h4 18. Bf2 fxg5 19. Rd5 e4 $1 20. Rxg5 Bf5 $17 {1-0
Hertneck,G-Joachim,S/Tegernsee GER 2003/CBM 93 (40)}) 16. g5 Ba4 $1 {[%mdl 128]
Starting an attack of the white king.} 17. Re1 fxg5 18. Bxg5 Nd3+ 19. Bxd3 Rxd3
20. Bf6 Re8 $1 {[%cal Ye6e5]} 21. Nh3 (21. Be5 Red8 $1 22. Bd4 (22. Ne2 $142
Rxe3 $17) 22... e5 $1 23. Bxe5 Rd1+ 24. Rxd1 Rxd1+ 25. Kb2 Bc6 $19) 21... e5 {
The f6 bishop doesn't defend the white king anymore and Black consequently
completes his attack.} 22. Ng5 Rxc3+ 23. Kb2 Rc2+ 24. Ka3 Nc5 25. Rd1 (25. Nxh7
Re6 $19 {->}) 25... Re2 26. Rde1 Rd2 27. f4 Bc6 28. Rhf1 Nd7 29. fxe5 Nxe5 30.
e4 h6 31. Bxe5 Rxe5 32. Rf8+ Kc7 33. Rf7+ Kb6 34. Rb1+ Ka6 35. Nf3 Ra5+ 36. Kb3
Rd3+ 37. Kb2 Bxe4 38. Ne1 Rd2+ 39. Kc3 Bxb1 40. Kxd2 Rxa2+ {Is it time for
White to give up this line?} 0-1